| Registos Bibliográficos associados ao registo de autoridade |
|
Etiqueta de registo: 00685cam 2200241 450 001 856070 003 http://id.bnportugal.gov.pt/bib/catbnp/856070 005 19990127000000.0 095 ## $aPTBN00611262 100 ## $a19940617d1586 k y0pory0103 ba 101 0# $alat 102 ## $aFR 105 ## $ay z 000yy 106 ## $ar 200 1# $aCatena in beatissimum Iob absolutissima...$fà Paulo Comitolo... 210 #9 $aLugduni$capud Ioannem Stratium, sub Bibliis aureis,$d1586 215 ## $d4º 321 1# $aBaudrier II 403 321 1# $aCat. Col. Bibl. Esp. C 1252 620 ## $dLyon 700 #1 $aComitoci,$bPaul,$f1544-1626,$cS.J.$3775794 702 #1 $aStratius,$bJean$4610$3567651 801 #0 $aPT$bBN$gRPC 930 ## $lBN$mAG$dR. 3418-19 P. 966 ## $dV. 1$lBN$mFGMON$sR. 3418 P. 966 ## $dV. 2$lBN$mFGMON$sR. 3419 P. 997 ## $aBIBEOD
Etiqueta de registo: 00553cam 2200205 450 001 485703 003 http://id.bnportugal.gov.pt/bib/catbnp/485703 005 19990101000000.0 095 ## $aPTBN00688488 100 ## $a19950201d1585 k y0pory0103 ba 101 0# $alat 102 ## $aFR 200 1# $aInstitutionum vitae spiritualis, libri sex 210 #9 $aLugduni$capud Ioãnem Stratiumxd1585 215 ## $d8º 321 1# $aCat. Col.Bibl. Esp. H 1008 620 ## $dLião 700 #0 $aHumbert$cde Romans,$fca.1200-1277,$cO.P.$3414447 702 #1 $aStratius,$bJean$4610$3567651 801 #0 $aPT$bBN$gRPC 966 ## $lBN$mFGMON$sR. 9624 P. 997 ## $aBIBEOD
|
|
|